Central Library OPAC University of Rajshahi

পাম্পস,কম্প্রেসরস ও হাইড্রলিক মেশিন / (Record no. 71231)

MARC details
000 -LEADER
fixed length control field 01071nam a2200253 a 4500
001 - CONTROL NUMBER
control field 71231
003 - CONTROL NUMBER IDENTIFIER
rucl marc code BD-RjUL
005 - DATE AND TIME OF LATEST TRANSACTION
control field 20211209082106.0
008 - FIXED-LENGTH DATA ELEMENTS--GENERAL INFORMATION
fixed length control field 170429s1986 bg a|||| |||| 00| 0 ben d
035 ## - SYSTEM CONTROL NUMBER
System control number (BD-RjUL)71446
040 ## - CATALOGING SOURCE
Original cataloging agency BD-RjUL
Language of cataloging ben
Transcribing agency BD-RjUL
041 ## - LANGUAGE CODE
Language code of text/sound track or separate title ben
082 ## - DEWEY DECIMAL CLASSIFICATION NUMBER
Edition number 23
Classification number 621.2
Author mark and year SIP 1986
100 ## - MAIN ENTRY--PERSONAL NAME
Personal name সিদ্দিক, মো: আবু বকর
9 (RLIN) 210754
245 10 - TITLE STATEMENT
Title পাম্পস,কম্প্রেসরস ও হাইড্রলিক মেশিন /
Statement of responsibility, etc. আবু বকর সিদ্দিক
260 ## - PUBLICATION, DISTRIBUTION, ETC. (IMPRINT)
Place of publication, distribution, etc. ঢাকা :
Name of publisher, distributor, etc. বাংলা একাডেমী,
Date of publication, distribution, etc. ১৯৮৬
300 ## - PHYSICAL DESCRIPTION
Pagination খন্ড. :
Illustrations চিত্র ;
Size ২৩ সেমি.
500 ## - GENERAL NOTE
General note [প্রথম, দ্বিতীয়. তৃতীয় ও চতুর্থ খন্ড ]
650 ## - SUBJECT ADDED ENTRY--TOPICAL TERM
Topical term or geographic name as entry element জলবাহী যন্ত্রপাতি
9 (RLIN) 210755
Topical term or geographic name as entry element পাম্পিং যন্ত্রপাতি
9 (RLIN) 210756
Topical term or geographic name as entry element Hydraulic machinery
9 (RLIN) 119789
Topical term or geographic name as entry element Pumping machinery
9 (RLIN) 210757
942 ## - ADDED ENTRY ELEMENTS (KOHA)
Source of classification or shelving scheme Dewey Decimal Classification
Koha item type Books
Holdings
Lost status Source of classification or shelving scheme Damaged status Not for loan Collection code Permanent Location Current Location Shelving location Date acquired Source of acquisition Cost, normal purchase price Total Checkouts Full call number Date last seen Copy number Koha item type
  Dewey Decimal Classification   Not For Loan Non-fiction Central Library, University of Rajshahi Central Library, University of Rajshahi Reading Room 29/06/1990 Bangla Academy, Dhaka 160.00   B 621.2 SIP 1986 29/04/2017 C-1 Books